Pontos turísticos dos estados brasileiros - Statistics

Estatísticas Gerais
  • Esse quiz foi jogado 74 vezes
  • A pontuação média é 14 de 27
Estatísticas das Respostas
Imagem Resposta % Correto
Rio de Janeiro
95%
Maranhão
89%
Distrito Federal
86%
Bahia
84%
São Paulo
81%
Paraná
73%
Santa Catarina
73%
Minas Gerais
65%
Amazonas
59%
Roraima
57%
Tocantins
54%
Alagoas
52%
Mato Grosso
51%
Pernambuco
48%
Acre
46%
Ceará
46%
Mato Grosso do Sul
38%
Goiás
35%
Rio Grande do Sul
35%
Pará
33%
Paraíba
33%
Amapá
29%
Rondônia
29%
Rio Grande do Norte
27%
Sergipe
21%
Espírito Santo
16%
Piauí
14%
Nenhum quiz correspondente encontrado
Distribuição das Pontuações
Porcentagem de Pessoas com Cada Pontuação
Percentil de Números Respondidos
Sua Pontuação Histórica
Você não jogou esse quiz